[Event "DEM U10 2023"]
[Site "Willingen GER"]
[Date "2023.05.28"]
[Round "1"]
[White "Rusch, Levi Adrian"]
[Black "Pflugbeil, Julian"]
[Result "0-1"]
[Termination "normal"]
[Board "23"]
[WhiteElo "1151"]
[BlackElo "1242"]
[WhiteClock "01:07:36"]
[BlackClock "01:06:08"]
[PlyCount "38"]
[WhiteFideId "34660224"]
[BlackFideId "34608850"]
[EventCountry "GER"]
[EventRounds "11"]
[EventType "swiss"]
[EventDate "2023.05.27"]

1. d4 {[%clk 01:15:58]} {[%emt 00:00:02]} Nf6 {[%clk 01:15:50]} {[%emt
00:00:11]} 2. Nc3 {[%clk 01:15:57]} {[%emt 00:00:31]} d5 {[%clk 01:16:15]}
{[%emt 00:00:06]} 3. Bf4 {[%clk 01:16:12]} {[%emt 00:00:14]} Nc6 {[%clk
01:16:24]} {[%emt 00:00:21]} 4. Nb5 {[%clk 01:16:30]} {[%emt 00:00:12]} e5
{[%clk 01:16:48]} {[%emt 00:00:06]} 5. dxe5 {[%clk 01:16:51]} {[%emt 00:00:09]}
Nh5 {[%clk 01:17:13]} {[%emt 00:00:05]} 6. Bg3 {[%clk 01:16:00]} {[%emt
00:01:21]} Nxg3 {[%clk 01:17:33]} {[%emt 00:00:10]} 7. hxg3 {[%clk 01:16:20]}
{[%emt 00:00:09]} Nxe5 {[%clk 01:17:52]} {[%emt 00:00:12]} 8. Qxd5 {[%emt
00:00:24]} Bd6 {[%clk 01:16:33]} {[%emt 00:01:47]} 9. O-O-O {[%clk 01:16:05]}
{[%emt 00:00:52]} Be6 {[%clk 01:11:46]} {[%emt 00:05:16]} 10. Qe4 {[%emt
00:02:20]} f5 {[%clk 01:08:21]} {[%emt 00:03:53]} 11. Qxb7 {[%clk 01:13:24]}
{[%emt 00:01:24]} Rb8 {[%clk 01:07:46]} {[%emt 00:01:06]} 12. Nxd6+ {[%clk
01:13:33]} {[%emt 00:00:21]} cxd6 {[%clk 01:08:03]} {[%emt 00:00:14]} 13. Qxg7
{[%clk 01:13:35]} {[%emt 00:00:26]} Rg8 {[%clk 01:08:06]} {[%emt 00:00:29]} 14.
Qxh7 {[%clk 01:13:08]} {[%emt 00:00:56]} Rxb2 {[%clk 01:06:41]} {[%emt
00:01:55]} 15. e4 {[%clk 01:10:38]} {[%emt 00:03:00]} Qb6 {[%clk 01:06:16]}
{[%emt 00:00:54]} 16. Ne2 {[%clk 01:08:06]} {[%emt 00:03:03]} Qb4 {[%clk
01:06:18]} {[%emt 00:00:20]} 17. c3 {[%clk 01:07:11]} {[%emt 00:01:33]} Rb1+
{[%clk 01:06:39]} {[%emt 00:00:09]} 18. Kd2 {[%clk 01:07:27]} {[%emt 00:00:14]}
Qb2+ {[%clk 01:06:13]} {[%emt 00:00:55]} 19. Ke1 {[%clk 01:07:36]} {[%emt
00:00:22]} Nd3# {[%clk 01:06:08]} {[%emt 00:00:04]} 0-1

[Event "DEM U10 2023"]
[Site "Willingen GER"]
[Date "2023.05.28"]
[Round "1"]
[White "Hamann, Friedrich"]
[Black "Franke, Moritz"]
[Result "0-1"]
[Termination "normal"]
[Board "24"]
[WhiteElo "1404"]
[BlackElo "1141"]
[WhiteClock "00:08:22"]
[BlackClock "01:22:40"]
[PlyCount "120"]
[WhiteFideId "34622829"]
[BlackFideId "34629475"]
[EventCountry "GER"]
[EventRounds "11"]
[EventType "swiss"]
[EventDate "2023.05.27"]

1. e4 {[%clk 01:15:50]} {[%emt 00:00:08]} c5 {[%clk 01:15:56]} {[%emt
00:00:05]} 2. Nf3 {[%clk 01:15:33]} {[%emt 00:00:47]} Nc6 {[%clk 01:16:18]}
{[%emt 00:00:08]} 3. c3 {[%clk 01:14:06]} {[%emt 00:01:57]} Nf6 {[%clk
01:16:40]} {[%emt 00:00:07]} 4. e5 {[%clk 01:11:10]} {[%emt 00:03:27]} Nd5
{[%clk 01:16:37]} {[%emt 00:00:32]} 5. d4 {[%clk 01:08:12]} {[%emt 00:03:28]}
cxd4 {[%clk 01:16:46]} {[%emt 00:00:21]} 6. cxd4 {[%clk 01:04:36]} {[%emt
00:04:05]} d6 {[%clk 01:17:04]} {[%emt 00:00:13]} 7. exd6 {[%clk 00:56:36]}
{[%emt 00:08:30]} Qxd6 {[%clk 01:17:23]} {[%emt 00:00:10]} 8. a3 {[%clk
00:47:25]} {[%emt 00:09:42]} e5 {[%clk 01:16:58]} {[%emt 00:00:55]} 9. dxe5
{[%clk 00:44:38]} {[%emt 00:03:16]} Nxe5 {[%clk 01:17:17]} {[%emt 00:00:11]}
10. Bc4 {[%clk 00:40:23]} {[%emt 00:04:45]} Nxc4 {[%clk 01:17:08]} {[%emt
00:00:38]} 11. Qe2+ {[%clk 00:34:51]} {[%emt 00:06:03]} Qe6 {[%clk 01:17:26]}
{[%emt 00:00:12]} 12. Qxe6+ {[%clk 00:33:01]} {[%emt 00:02:19]} Bxe6 {[%clk
01:17:35]} {[%emt 00:00:21]} 13. O-O {[%clk 00:33:04]} {[%emt 00:00:27]} Be7
{[%clk 01:17:54]} {[%emt 00:00:11]} 14. Re1 {[%clk 00:31:36]} {[%emt 00:01:53]}
O-O {[%clk 01:18:05]} {[%emt 00:00:23]} 15. Nd4 {[%clk 00:30:13]} {[%emt
00:01:53]} Bc5 {[%clk 01:17:49]} {[%emt 00:00:45]} 16. Nb3 {[%clk 00:29:34]}
{[%emt 00:01:10]} Bb6 {[%clk 01:17:50]} {[%emt 00:00:29]} 17. Re2 {[%clk
00:27:22]} {[%emt 00:02:42]} Rfd8 {[%clk 01:17:34]} {[%emt 00:00:46]} 18. h3
{[%clk 00:26:35]} {[%emt 00:01:17]} a5 {[%clk 01:17:06]} {[%emt 00:00:58]} 19.
a4 {[%clk 00:25:59]} {[%emt 00:01:05]} Rac8 {[%clk 01:16:56]} {[%emt 00:00:40]}
20. Bg5 {[%clk 00:24:42]} {[%emt 00:01:46]} f6 {[%clk 01:16:48]} {[%emt
00:00:39]} 21. Rxe6 {[%clk 00:21:46]} {[%emt 00:03:26]} fxg5 {[%clk 01:17:11]}
{[%emt 00:00:07]} 22. Nc3 {[%clk 00:18:21]} {[%emt 00:03:55]} Nxc3 {[%clk
01:17:09]} {[%emt 00:00:32]} 23. bxc3 {[%clk 00:18:46]} {[%emt 00:00:06]} Re8
{[%clk 01:17:22]} {[%emt 00:00:16]} 24. Rae1 {[%clk 00:18:08]} {[%emt
00:01:07]} Rxe6 {[%clk 01:17:37]} {[%emt 00:00:16]} 25. Rxe6 {[%clk 00:18:31]}
{[%emt 00:00:07]} Rf8 {[%emt 00:00:49]} 26. Re2 {[%clk 00:18:22]} Rd8 {[%clk
01:17:27]} {[%emt 00:00:58]} 27. Kh2 {[%clk 00:16:13]} {[%emt 00:02:40]} Bc7+
{[%clk 01:17:38]} {[%emt 00:00:19]} 28. g3 {[%clk 00:16:24]} {[%emt 00:00:19]}
Kf7 {[%clk 01:16:09]} {[%emt 00:01:59]} 29. Nd4 {[%clk 00:15:58]} {[%emt
00:00:56]} h6 {[%clk 01:15:03]} {[%emt 00:01:36]} 30. Nb5 {[%clk 00:15:01]}
{[%emt 00:01:27]} Rd7 {[%clk 01:14:11]} {[%emt 00:01:22]} 31. Kg2 {[%clk
00:14:25]} {[%emt 00:01:05]} Nb6 {[%clk 01:14:18]} {[%emt 00:00:25]} 32. Re4
{[%clk 00:13:27]} {[%emt 00:01:24]} Bd8 {[%clk 01:13:32]} {[%emt 00:01:19]} 33.
Kf3 {[%clk 00:12:01]} {[%emt 00:01:54]} Bf6 {[%clk 01:13:17]} {[%emt 00:00:46]}
34. c4 {[%clk 00:06:24]} {[%emt 00:06:07]} Nxa4 {[%clk 01:13:35]} {[%emt
00:00:14]} 35. g4 {[%clk 00:05:35]} {[%emt 00:01:19]} Nc5 {[%clk 01:13:24]}
{[%emt 00:00:41]} 36. Re2 {[%clk 00:05:22]} {[%emt 00:00:42]} Rd3+ {[%clk
01:13:20]} {[%emt 00:00:33]} 37. Kg2 {[%clk 00:05:24]} {[%emt 00:00:29]} a4
{[%clk 01:13:34]} {[%emt 00:00:17]} 38. Ra2 {[%clk 00:05:19]} {[%emt 00:00:35]}
g6 {[%clk 01:12:12]} {[%emt 00:01:52]} 39. Kh2 {[%clk 00:04:13]} {[%emt
00:01:35]} h5 {[%clk 01:12:22]} {[%emt 00:00:20]} 40. Kg2 {[%clk 00:04:18]}
{[%emt 00:00:25]} hxg4 {[%clk 01:12:40]} {[%emt 00:00:13]} 41. hxg4 {[%emt
00:00:10]} Ke6 {[%clk 01:12:03]} {[%emt 00:01:04]} 42. Re2+ {[%clk 00:03:56]}
{[%emt 00:01:14]} Kd7 {[%clk 01:11:28]} {[%emt 00:01:06]} 43. Ra2 {[%clk
00:03:50]} {[%emt 00:00:37]} Rb3 {[%clk 01:11:06]} {[%emt 00:00:51]} 44. Rd2+
{[%clk 00:03:25]} {[%emt 00:00:55]} Rd3 {[%clk 01:11:07]} {[%emt 00:00:30]} 45.
Ra2 {[%clk 00:03:35]} {[%emt 00:00:20]} Kc6 {[%clk 01:10:16]} {[%emt 00:01:21]}
46. Kh2 {[%clk 00:03:05]} {[%emt 00:00:59]} Bc3 {[%clk 01:10:18]} {[%emt
00:00:28]} 47. Kg2 {[%clk 00:02:48]} {[%emt 00:00:47]} Ne6 {[%clk 01:10:06]}
{[%emt 00:00:42]} 48. Ra3 {[%clk 00:13:48]} {[%emt 00:04:30]} Nf4+ {[%clk
01:25:03]} {[%emt 00:00:32]} 49. Kh2 {[%clk 00:13:11]} {[%emt 00:01:07]} Be5
{[%clk 01:24:37]} {[%emt 00:00:58]} 50. Rxa4 {[%clk 00:12:34]} {[%emt
00:01:07]} Nd5+ {[%clk 01:22:22]} {[%emt 00:02:45]} 51. Kg2 {[%clk 00:12:25]}
{[%emt 00:00:38]} Nc3 {[%clk 01:22:31]} {[%emt 00:00:21]} 52. Ra3 {[%clk
00:11:44]} {[%emt 00:01:10]} Kc5 {[%clk 01:22:02]} {[%emt 00:01:01]} 53. Nxc3
{[%clk 00:09:33]} {[%emt 00:02:42]} Bxc3 {[%clk 01:22:17]} {[%emt 00:00:14]}
54. Ra4 {[%clk 00:09:50]} {[%emt 00:00:13]} Bb4 {[%clk 01:22:37]} {[%emt
00:00:10]} 55. Ra7 {[%clk 00:09:59]} {[%emt 00:00:21]} Kxc4 {[%clk 01:22:54]}
{[%emt 00:00:12]} 56. Rxb7 {[%clk 00:10:23]} {[%emt 00:00:07]} Rd4 {[%clk
01:22:50]} {[%emt 00:00:33]} 57. f3 {[%clk 00:10:26]} {[%emt 00:00:28]} Rd2+
{[%clk 01:23:08]} {[%emt 00:00:12]} 58. Kf1 {[%clk 00:09:51]} {[%emt 00:01:05]}
Bc5 {[%clk 01:22:58]} {[%emt 00:00:40]} 59. Rf7 {[%clk 00:09:48]} {[%emt
00:00:32]} Kd3 {[%clk 01:22:50]} {[%emt 00:00:38]} 60. Rf6 {[%clk 00:08:22]}
{[%emt 00:01:56]} Ke3 {[%clk 01:22:40]} {[%emt 00:00:38]} 0-1

[Event "DEM U10 2023"]
[Site "Willingen GER"]
[Date "2023.05.28"]
[Round "1"]
[White "Khanbekyan, Aram"]
[Black "Brückner, Julian"]
[Result "0-1"]
[Termination "normal"]
[Board "25"]
[WhiteElo "1328"]
[BlackElo "1681"]
[WhiteClock "00:15:29"]
[BlackClock "00:19:56"]
[PlyCount "51"]
[WhiteFideId "34606149"]
[BlackFideId "34630031"]
[EventCountry "GER"]
[EventRounds "11"]
[EventType "swiss"]
[EventDate "2023.05.27"]

1. e4 {[%clk 01:15:56]} {[%emt 00:00:03]} e5 {[%clk 01:15:50]} {[%emt
00:00:11]} 2. Nf3 {[%clk 01:16:10]} {[%emt 00:00:15]} Nc6 {[%clk 01:16:07]}
{[%emt 00:00:14]} 3. d4 {[%clk 01:16:12]} {[%emt 00:00:28]} exd4 {[%clk
01:16:17]} {[%emt 00:00:20]} 4. Bc4 {[%clk 01:16:26]} {[%emt 00:00:15]} Nf6
{[%clk 01:16:18]} {[%emt 00:00:30]} 5. e5 {[%clk 01:16:23]} {[%emt 00:00:33]}
d5 {[%clk 01:16:24]} {[%emt 00:00:24]} 6. Bb5 {[%clk 01:16:12]} {[%emt
00:00:40]} Nd7 {[%clk 01:15:35]} {[%emt 00:01:20]} 7. Nxd4 {[%clk 01:10:29]}
{[%emt 00:06:12]} Ncxe5 {[%clk 01:13:54]} {[%emt 00:02:12]} 8. O-O {[%clk
01:05:06]} {[%emt 00:05:52]} c6 {[%clk 01:10:45]} {[%emt 00:03:40]} 9. Bd3
{[%clk 00:59:51]} {[%emt 00:05:43]} c5 {[%clk 01:01:44]} {[%emt 00:09:34]} 10.
Re1 {[%clk 00:53:45]} {[%emt 00:06:36]} cxd4 {[%clk 00:56:02]} {[%emt
00:06:13]} 11. f4 {[%clk 00:52:31]} {[%emt 00:01:43]} Bd6 {[%clk 00:41:15]}
{[%emt 00:15:17]} 12. fxe5 {[%clk 00:51:54]} {[%emt 00:01:07]} Bxe5 {[%clk
00:31:50]} {[%emt 00:09:55]} 13. Bf4 {[%clk 00:50:30]} {[%emt 00:01:49]} f6
{[%clk 00:27:35]} {[%emt 00:04:51]} 14. Qh5+ {[%clk 00:46:11]} {[%emt
00:04:31]} Kf8 {[%clk 00:24:07]} {[%emt 00:04:16]} 15. Bxe5 {[%clk 00:42:00]}
{[%emt 00:04:41]} Nxe5 {[%clk 00:24:23]} {[%emt 00:00:14]} 16. Bb5 {[%clk
00:35:21]} {[%emt 00:06:50]} Bg4 {[%clk 00:21:48]} {[%emt 00:03:24]} 17. Qh4
{[%clk 00:27:42]} {[%emt 00:07:50]} Qb6 {[%clk 00:19:48]} {[%emt 00:02:45]} 18.
a4 {[%clk 00:14:24]} {[%emt 00:13:52]} d3+ {[%clk 00:20:03]} {[%emt 00:00:15]}
19. Qf2 {[%clk 00:11:54]} {[%emt 00:02:09]} Qxf2+ {[%clk 00:20:21]} {[%emt
00:01:03]} 20. Kxf2 {[%clk 00:11:56]} {[%emt 00:00:26]} dxc2 {[%clk 00:20:41]}
{[%emt 00:00:12]} 21. Nc3 {[%clk 00:05:58]} {[%emt 00:06:28]} a6 {[%clk
00:20:21]} {[%emt 00:00:51]} 22. Be2 {[%clk 00:02:00]} {[%emt 00:04:16]} Bxe2
{[%clk 00:19:25]} {[%emt 00:01:39]} 23. Kxe2 {[%clk 00:00:55]} {[%emt
00:01:34]} d4 {[%clk 00:19:34]} {[%emt 00:00:22]} 24. Na2 {[%clk 00:00:32]}
{[%emt 00:00:53]} d3+ {[%clk 00:19:54]} {[%emt 00:00:10]} 25. Kd2 {[%clk
00:00:52]} {[%emt 00:00:10]} Rd8 {[%clk 00:19:56]} {[%emt 00:00:28]} 26. b3
{[%clk 00:15:29]} {[%emt 00:00:53]} 0-1

[Event "DEM U10 2023"]
[Site "Willingen GER"]
[Date "2023.05.28"]
[Round "1"]
[White "Wagener, Nicolas"]
[Black "Döscher, Rasmus"]
[Result "1-0"]
[Termination "normal"]
[Board "26"]
[WhiteElo "1506"]
[BlackElo "1049"]
[WhiteClock "01:08:31"]
[BlackClock "00:35:30"]
[PlyCount "59"]
[WhiteFideId "34607935"]
[BlackFideId "34625038"]
[EventCountry "GER"]
[EventRounds "11"]
[EventType "swiss"]
[EventDate "2023.05.27"]

1. d4 {[%clk 01:15:58]} {[%emt 00:00:01]} d5 {[%clk 01:15:51]} {[%emt
00:00:09]} 2. Nf3 {[%clk 01:16:22]} {[%emt 00:00:06]} Nf6 {[%clk 01:16:01]}
{[%emt 00:00:20]} 3. e3 {[%clk 01:16:44]} {[%emt 00:00:08]} Nbd7 {[%clk
01:16:15]} {[%emt 00:00:17]} 4. b3 {[%clk 01:16:41]} {[%emt 00:00:33]} e6
{[%clk 01:16:11]} {[%emt 00:00:34]} 5. Bb2 {[%clk 01:16:57]} {[%emt 00:00:14]}
Be7 {[%clk 01:15:31]} {[%emt 00:01:10]} 6. Bd3 {[%clk 01:17:13]} {[%emt
00:00:14]} O-O {[%clk 01:15:28]} {[%emt 00:00:33]} 7. Nbd2 {[%clk 01:17:30]}
{[%emt 00:00:13]} b6 {[%clk 01:15:10]} {[%emt 00:00:49]} 8. O-O {[%clk
01:17:50]} {[%emt 00:00:08]} c5 {[%clk 01:15:06]} {[%emt 00:00:34]} 9. Ne5
{[%clk 01:18:03]} {[%emt 00:00:16]} Bb7 {[%clk 01:14:53]} {[%emt 00:00:45]} 10.
f4 {[%clk 01:18:17]} {[%emt 00:00:15]} Rc8 {[%clk 01:11:16]} {[%emt 00:04:07]}
11. Rf3 {[%clk 01:17:54]} {[%emt 00:00:53]} cxd4 {[%clk 01:10:57]} {[%emt
00:00:50]} 12. exd4 {[%clk 01:18:14]} {[%emt 00:00:09]} h6 {[%clk 01:10:46]}
{[%emt 00:00:41]} 13. Qe2 {[%clk 01:17:26]} {[%emt 00:01:18]} Ne4 {[%clk
01:04:26]} {[%emt 00:06:50]} 14. Nxe4 {[%clk 01:16:53]} {[%emt 00:01:02]} dxe4
{[%clk 01:04:34]} {[%emt 00:00:24]} 15. Bxe4 {[%clk 01:17:16]} {[%emt
00:00:06]} Bxe4 {[%clk 01:04:38]} {[%emt 00:00:27]} 16. Qxe4 {[%clk 01:17:37]}
{[%emt 00:00:08]} Nf6 {[%clk 01:04:27]} {[%emt 00:00:42]} 17. Qe2 {[%clk
01:17:52]} {[%emt 00:00:14]} Qc7 {[%clk 01:03:52]} {[%emt 00:00:59]} 18. c4
{[%clk 01:18:00]} {[%emt 00:00:29]} Bd6 {[%clk 01:02:13]} {[%emt 00:02:09]} 19.
Rg3 {[%clk 01:17:11]} {[%emt 00:01:17]} Qb7 {[%clk 00:57:42]} {[%emt 00:04:59]}
20. Ng4 {[%clk 01:13:36]} {[%emt 00:04:05]} Nxg4 {[%clk 00:54:58]} {[%emt
00:03:15]} 21. Qxg4 {[%clk 01:13:51]} {[%emt 00:00:15]} f5 {[%clk 00:54:19]}
{[%emt 00:01:11]} 22. Qh4 {[%clk 01:13:31]} {[%emt 00:00:49]} Kh7 {[%clk
00:52:07]} {[%emt 00:02:37]} 23. d5 {[%clk 01:13:13]} {[%emt 00:00:53]} Rf7
{[%clk 00:52:15]} {[%emt 00:00:23]} 24. dxe6 {[%clk 01:12:48]} {[%emt
00:00:54]} Re7 {[%clk 00:50:56]} {[%emt 00:01:49]} 25. Qh5 {[%clk 01:11:51]}
{[%emt 00:01:28]} Bc5+ {[%clk 00:43:01]} {[%emt 00:08:25]} 26. Kh1 {[%clk
01:12:07]} {[%emt 00:00:13]} Rf8 {[%clk 00:42:15]} {[%emt 00:01:16]} 27. Qg6+
{[%clk 01:11:59]} {[%emt 00:00:38]} Kg8 {[%clk 00:41:50]} {[%emt 00:00:56]} 28.
Qxh6 {[%clk 01:11:44]} {[%emt 00:00:44]} Rd8 {[%clk 00:35:44]} {[%emt
00:06:27]} 29. Qg6 {[%clk 01:08:18]} {[%emt 00:04:06]} Bf2 {[%clk 00:35:30]}
{[%emt 00:00:43]} 30. Rh3 {[%clk 01:08:31]} {[%emt 00:00:17]} 1-0

[Event "DEM U10 2023"]
[Site "Willingen GER"]
[Date "2023.05.28"]
[Round "1"]
[White "König, Lian"]
[Black "Retzlaff, Nick"]
[Result "0-1"]
[Termination "normal"]
[Board "27"]
[WhiteElo "924"]
[BlackElo "1523"]
[WhiteClock "00:46:18"]
[BlackClock "00:55:25"]
[PlyCount "44"]
[WhiteFideId "34660216"]
[BlackFideId "34610367"]
[EventCountry "GER"]
[EventRounds "11"]
[EventType "swiss"]
[EventDate "2023.05.27"]

1. e4 {[%clk 01:15:57]} e5 {[%clk 01:15:54]} {[%emt 00:00:08]} 2. Nf3 {[%clk
01:16:15]} {[%emt 00:00:12]} Nc6 {[%clk 01:16:17]} {[%emt 00:00:06]} 3. Bc4
{[%clk 01:16:36]} {[%emt 00:00:10]} Bc5 {[%clk 01:16:33]} {[%emt 00:00:13]} 4.
O-O {[%clk 01:16:52]} {[%emt 00:00:14]} Nf6 {[%clk 01:16:39]} {[%emt 00:00:24]}
5. d3 {[%clk 01:16:49]} {[%emt 00:00:33]} h6 {[%clk 01:16:39]} {[%emt
00:00:30]} 6. h3 {[%clk 01:16:56]} {[%emt 00:00:23]} d6 {[%clk 01:16:18]}
{[%emt 00:00:52]} 7. Be3 {[%clk 01:16:38]} {[%emt 00:00:47]} Bb6 {[%clk
01:15:58]} {[%emt 00:00:49]} 8. c3 {[%clk 01:14:48]} {[%emt 00:01:51]} O-O
{[%clk 01:15:17]} {[%emt 00:01:42]} 9. Nbd2 {[%clk 01:14:57]} {[%emt 00:00:21]}
d5 {[%clk 01:14:34]} {[%emt 00:01:14]} 10. exd5 {[%clk 01:11:58]} {[%emt
00:03:27]} Nxd5 {[%clk 01:14:24]} {[%emt 00:00:41]} 11. Bxb6 {[%clk 01:11:56]}
{[%emt 00:00:32]} Nxb6 {[%clk 01:13:46]} {[%emt 00:01:08]} 12. Bb3 {[%clk
01:09:43]} {[%emt 00:02:43]} Qxd3 {[%clk 01:14:00]} {[%emt 00:00:16]} 13. Re1
{[%clk 01:08:03]} {[%emt 00:02:10]} Re8 {[%clk 01:13:48]} {[%emt 00:00:41]} 14.
Re3 {[%clk 01:02:32]} {[%emt 00:06:01]} Qg6 {[%clk 01:13:31]} {[%emt 00:00:46]}
15. Ne1 {[%clk 00:58:25]} {[%emt 00:04:36]} Bf5 {[%clk 01:08:00]} {[%emt
00:06:02]} 16. Bc2 {[%clk 00:55:12]} {[%emt 00:03:44]} Nd5 {[%clk 01:01:52]}
{[%emt 00:06:38]} 17. Rg3 {[%clk 00:53:47]} {[%emt 00:01:54]} Bxc2 {[%clk
00:57:39]} {[%emt 00:04:43]} 18. Qxc2 {[%clk 00:51:17]} {[%emt 00:03:00]} Qxc2
{[%clk 00:57:20]} {[%emt 00:00:50]} 19. Nxc2 {[%clk 00:51:30]} {[%emt
00:00:17]} Rad8 {[%clk 00:56:40]} {[%emt 00:01:10]} 20. Rd1 {[%clk 00:50:03]}
{[%emt 00:01:57]} Nf4 {[%clk 00:56:30]} {[%emt 00:00:39]} 21. Re3 {[%clk
00:47:24]} {[%emt 00:03:08]} Rd6 {[%clk 00:55:08]} {[%emt 00:01:53]} 22. Ree1
{[%clk 00:46:18]} {[%emt 00:01:36]} Red8 {[%clk 00:55:25]} {[%emt 00:00:14]}
0-1